00676nam a2200193 a 450000100100000000500170001000800410002702000150006804000250008308200150010810000310012324500500015426000300020430000210023449000440025583000530029995201130035299900170046500004395120201002045048.0140509s1995 sp 000 0 spa d a8420607355 aDO-SdBNPbspacBNPHU axxxxbxxxx1 aDieterich, Genoveva91294010aDiccionario del teatro /cGenoveva Dieterich. aMadrid :bAlianza,c1995. a307 p. ;c18 cm.1 aEl libro de bolsilloahumanidadesv1735 0aEl libro de bolsillo ;phumanidadesn1735971894 001050718MOaGRbGRcCTd2014-05-09iLF1l0oxxxx xxxxp43951-10r2020-06-25w2020-06-25y1ZNo se presta c43440d43440